000 00354 a2200157 4500
001 155795
040 _cEscola São Tomás de Aquino
100 _aGOMBRICH, E. H
240 1 0 _aA história da Arte
_lpor
245 1 0 _aA história da Arte
300 _a506
362 0 _a1985
440 1 _aZahar
697 _aHistória da arte / Museus
942 _cBK
999 _c155795
_d155795